000 00813nam a2200217 a 4500
001 000024981
005 20200930023504.0
008 110201s1950 ag r 000 0 spa d
040 _aDO-SdBNP
_bspa
_cBNPHU
041 1 7 _aspa
_hfre
_2Código de idiomas MARC
082 _ann*
_bnn*
100 1 _aRenouvier, Charles.
_951260
240 1 4 _aHistoire et solution des problémes métaphysiques.
_lEspañol
245 1 0 _aHistoria y solución de los problemas metafisicos /
_cCharles Renouvier ; traducción de Francisco González Ríos.
260 _aBuenos Aires :
_bLibrería hachette,
_c1950.
300 _a591 p. ;
_c19 cm.
490 1 _aCultura filosófica
534 _aTítulo de la obra original :
_tHistoire et solution des problémes métaphysiques
830 0 _aCultura filosófica
_951261
049 _aBNGR
999 _c24474
_d24474